000 00532nam a2200181Ia 4500
008 140609s9999 xx 000 0 und d
020 _a9789719279150
050 _aPN 162
_b.Sa36n 2007
100 _aSalonga, Jovito R.
245 _aNot by power or wealth alone /
_cJovito R. Salonga,
260 _aMandaluyong, Philippines :
_bRegina,
_cc2007.
300 _a299 p. :
_bill. ;
_c24 cm.
500 _aIncludes index.
521 _aGE
650 _aPhilippines
_xLectures, addresses, etc.
942 _kLOC
_cBK
999 _c118126
_d118126